National Parks of Italy on a Map - Statistics

General Stats
  • This quiz has been taken 15 times
  • The average score is 6 of 22
Answers on the Map
Answers color-coded by a green-red scale on the quiz's map according to % correct below.
 
Answer Stats
National Park % Correct
Dolomiti Bellunesi
75%
Gran Paradiso
67%
Sila
42%
Stelvio
42%
Vesuvio
42%
Abruzzo
33%
Cilento
33%
Cinque Terre
33%
Gargano
33%
Arcipelago Toscano
25%
Aspromonte
25%
Gennargentu
25%
Gran Sasso
25%
Asinara
17%
Circeo
17%
Maiella
17%
Pollino
17%
Val Grande
17%
La Maddalena
8%
Monti Sibillini
8%
Tosco-Emiliano
8%
Casentinesi
0%
No matching quizzes found
Score Distribution
Percent of People with Each Score
Percentile by Number Answered
Your Score History
You have not taken this quiz